000 01091naa a22002897a 4500
001 BR9402026
003 BR-BrBNA
005 20240918181201.0
007 ta
008 230509b bl.||||| |||| 00| 0 por d
040 _aBR-BrBNA
_bpor
_cBiblioteca Nacional de Agricultura
041 _a(Pt)
072 _aF01
_b1123
090 _aF01 BR9402026
100 1 _aCereda, E.
100 1 _aPapa, R.C.R.
111 1 _a10. Congresso Brasileiro de Fruticultura
_cFortaleza, CE (Brazil)
_d1-6 Oct 1989
245 1 _aEnraizamento de estacas das especies de maracujazeiro Passiflora alata Dryand e P. edulis Sims. f. flavicarpa Deg. sob nebulizacao
260 3 _aFortaleza, CE (Brasil):
_c1989.
500 _a10. Congresso Brasileiro de Fruticultura. Anais Fortaleza, CE (Brasil): 1989. p. 375-378 (BR9402026-AM)F01
650 _aMaracuja
650 _aEnraizamento de Estaca
650 _aNebulizacao
773 0 _t10. Congresso Brasileiro de Fruticultura. Anais
_wF01 BR9402026
_gFortaleza, CE (Brasil), 1989. p. 375-378
909 _a202404
_bLucia
_c55
_dLucia Elande
942 _cAM
_2AGRIS
999 _c324001
_d324001